000 01018cam a2200217 4500
001 WB3914-21
008 030408n2003 000 0 eng u
035 _a(Sirsi) u121930
245 _aCAP reforms may yield £50m
260 _c2003
490 _aDEFRA News Release
_v(117/03) 31 March 2003 (2)
490 _aFarmers' Weekly
_v138(14) 4 April 2003, 8(1)
520 _aA new DEFRA study reveals that CAP reform will bring significant gains for UK farmers, taxpayers and consumers. The study suggests an overall net economic benefit of between £400m and £600m with farm incomes rising 15% from increased productivity and efficiency. "Assessment of the economic impact of the Commission's long term perspective for sustainable agriculture" available at www.defra.gov.uk/esg/economics/capreform.pdf.www.defra.gov.uk/news/2003/030331a.htm.
590 _aWB
650 _aFARMING
650 _aCAP REFORM
650 _aCOMMON AGRICULTURAL POLICY
650 _aECONOMY
690 _aRural
_96268
942 _n0
999 _c72464
_d72464